Crónica de una muerte anunciada

সংরক্ষণ করুন:
গ্রন্থ-পঞ্জীর বিবরন
প্রধান লেখক: García Márquez, Gabriel (Author)
বিন্যাস: গ্রন্থ
ভাষা:স্প্যানিশ
প্রকাশিত: Buenos Aires Sudamericana 1996
সংস্করন:48a. ed
বিষয়গুলি:
ট্যাগগুলো: ট্যাগ যুক্ত করুন
কোনো ট্যাগ নেই, প্রথমজন হিসাবে ট্যাগ করুন!

MARC

LEADER 00000nam a2200000 a 4500
001 UCH6087
003 CL-VaPUC
008 091109e19960000AG |||||||||||||||||spa|d
020 |a 9500704285 
082 0 4 |a Co863  |b GAR  |2 21 
100 0 |a García Márquez, Gabriel  |e author  |9 318478 
245 1 0 |a Crónica de una muerte anunciada 
250 |a 48a. ed 
300 |a 192 p 
942 |c BK 
945 |d 20091109 00:00:00  |a ccalabra 
260 |a Buenos Aires  |b Sudamericana  |c 1996 
650 0 |a Literatura  |9 259151 
650 0 |a Literatura colombiana   |9 315578 
650 0 |a Novelas colombianas  |9 266734 
650 7 |a ESCRITORES COLOMBIANOS  |2 CL-VaPUC  |9 493458 
650 0 |a Ficción   |9 376687 
650 0 |a Narrativa  |9 336727 
650 0 |a Lectura  |9 307634 
651 0 |a Colombia  |9 256424 
583 |a last modification  |c 20091109 00:00:00  |k Rodrigo Vera 
999 |c 337047  |d 337045